[Event "GER-ch U25-B"]
[Site "Willingen"]
[Date "2018.05.26"]
[Round "9"]
[White "Hoevert, Kai"]
[Black "Rautenberg, Jakob"]
[Result "1-0"]
[WhiteElo "1471"]
[BlackElo "1531"]
[PlyCount "52"]
[EventDate "2018.05.19"]
[EventType "swiss"]
[EventRounds "9"]
[EventCountry "GER"]
[SourceTitle "CBM 184 Extra"]
[Source "ChessBase"]
[SourceDate "2018.06.28"]
[SourceVersion "1"]
[SourceVersionDate "2018.06.28"]
[SourceQuality "1"]

1. e4 e5 2. Nf3 Nc6 3. Bc4 Bc5 4. c3 Nf6 5. d4 exd4 6. cxd4 Bb4+ 7. Nc3 d6 8. 0-0 0-0 9. Bg5 Bxc3 10. bxc3 h6 11. Bh4 g5 12. Nxg5 hxg5 13. Bxg5 Re8 14. Qf3 Bg4 15. Qxf6 Qxf6 16. Bxf6 Bh5 17. f3 Kh7 18. Rae1 Rg8 19. Kh1 Kg6 20. Bh4 Kh6 21. g4 Bg6 22. Bf6 Na5 23. g5+ Kh7 24. Bd3 Rae8 25. Rg1 d5 26. Rg4 Bh5 1-0

[Event "GER-ch U25-B"]
[Site "Willingen"]
[Date "2018.05.23"]
[Round "5"]
[White "Bilecen, Simon"]
[Black "Rautenberg, Jakob"]
[Result "1-0"]
[WhiteElo "1666"]
[BlackElo "1531"]
[PlyCount "85"]
[EventDate "2018.05.19"]
[EventType "swiss"]
[EventRounds "9"]
[EventCountry "GER"]
[SourceTitle "CBM 184 Extra"]
[Source "ChessBase"]
[SourceDate "2018.06.28"]
[SourceVersion "1"]
[SourceVersionDate "2018.06.28"]
[SourceQuality "1"]

1. d4 d5 2. Nf3 Nf6 3. Bf4 e6 4. e3 Be7 5. Bd3 0-0 6. h3 Nbd7 7. Nbd2 b6 8. 0-0 Bb7 9. c3 Rc8 10. Re1 c5 11. e4 dxe4 12. Nxe4 Nxe4 13. Bxe4 Bxe4 14. Rxe4 Nf6 15. Re1 Nd5 16. Bg3 cxd4 17. Nxd4 Bc5 18. Qa4 Qe7 19. Rad1 a5 20. Nb3 Rfd8 21. Bh4 Nf6 22. Nd4 Bxd4 23. Rxd4 Rxd4 24. Qxd4 Qd8 25. Bxf6 gxf6 26. Qg4+ Kh8 27. Rd1 Qe7 28. Qd4 Rb8 29. Rd3 e5 30. Qg4 Rg8 31. Rd7 Qe8 32. Qf5 Rg6 33. Qd3 Qe6 34. Qd5 Qxh3 35. Rxf7 Qf5 36. Qd8+ Rg8 37. Qxf6+ Qxf6 38. Rxf6 Rg6 39. Rxg6 hxg6 40. Kf1 Kg7 41. Ke2 Kf6 42. Kd3 b5 43. a4 1-0

[Event "GER-ch U25-B"]
[Site "Willingen"]
[Date "2017.06.07"]
[Round "6"]
[White "Rautenberg, Jakob"]
[Black "Seliokaite, Ana"]
[Result "1-0"]
[WhiteElo "1522"]
[BlackElo "1165"]
[PlyCount "25"]
[EventDate "2017.06.04"]
[EventType "swiss"]
[EventRounds "9"]
[EventCountry "GER"]
[SourceTitle "CBM 178 Extra"]
[Source "ChessBase"]
[SourceDate "2017.06.22"]
[SourceVersion "1"]
[SourceVersionDate "2017.06.22"]
[SourceQuality "1"]

1. e4 c5 2. Nf3 g6 3. d4 cxd4 4. Nxd4 Bg7 5. c4 Nc6 6. Be3 Nf6 7. Nc3 Ng4 8. Qxg4 Nxd4 9. Qd1 e5 10. Be2 Qh4 11. Qd2 0-0 12. Bg5 Nc2+ 13. Kf1 1-0

[Event "GER-ch U25-B"]
[Site "Willingen"]
[Date "2017.06.06"]
[Round "4"]
[White "Rautenberg, Jakob"]
[Black "Abicht, Aruna Sophia"]
[Result "1-0"]
[WhiteElo "1522"]
[BlackElo "1281"]
[PlyCount "109"]
[EventDate "2017.06.04"]
[EventType "swiss"]
[EventRounds "9"]
[EventCountry "GER"]
[SourceTitle "CBM 178 Extra"]
[Source "ChessBase"]
[SourceDate "2017.06.22"]
[SourceVersion "1"]
[SourceVersionDate "2017.06.22"]
[SourceQuality "1"]

1. e4 e5 2. Nf3 Nc6 3. d4 exd4 4. Nxd4 Bc5 5. Be3 Qf6 6. c3 Nge7 7. Bc4 0-0 8. 0-0 d6 9. Nxc6 Nxc6 10. Bxc5 dxc5 11. Qe2 Rd8 12. Nd2 a6 13. Rad1 Be6 14. Bxe6 Qxe6 15. Qc4 Qxc4 16. Nxc4 b5 17. Ne3 Rxd1 18. Rxd1 Rd8 19. Rxd8+ Nxd8 20. Nd5 Ne6 21. f3 Kf8 22. Kf2 c6 23. Ne3 Nf4 24. Nd1 c4 25. a3 a5 26. g3 Nd3+ 27. Ke3 Ke7 28. f4 Ke6 29. b4 axb4 30. axb4 Kd6 31. Kd4 f6 32. Ne3 g6 33. Ng4 Nc1 34. Ke3 c5 35. bxc5+ Kxc5 36. Nxf6 b4 37. cxb4+ Kxb4 38. e5 Kc5 39. Ne4+ Kd5 40. Nc3+ Ke6 41. Kd4 Nd3 42. Kxc4 Nxe5+ 43. fxe5 Kxe5 44. Kd3 Kf5 45. h3 g5 46. Ke3 g4 47. h4 Ke5 48. Nb5 h5 49. Nd4 Kd5 50. Nf5 Ke5 51. Ng7 Kf6 52. Nxh5+ Kg6 53. Nf4+ Kf5 54. Nd3 Kg6 55. Kf4 1-0

[Event "Niedersachsen-ch op-C"]
[Site "Verden"]
[Date "2017.01.06"]
[Round "4"]
[White "Rautenberg, Jakob"]
[Black "Sturm, Hubert"]
[Result "1/2-1/2"]
[WhiteElo "1697"]
[BlackElo "1678"]
[PlyCount "62"]
[EventDate "2017.01.05"]
[EventType "swiss"]
[EventRounds "7"]
[EventCountry "GER"]
[SourceTitle "CBM 187 Extra"]
[Source "ChessBase"]
[SourceDate "2018.11.04"]
[SourceVersion "1"]
[SourceVersionDate "2018.11.04"]
[SourceQuality "1"]

1. e4 c5 2. Nf3 d6 3. d4 cxd4 4. Nxd4 Nf6 5. Nc3 a6 6. Bc4 e6 7. 0-0 Bd7 8. Bg5 Be7 9. Nf3 Bc6 10. Bd3 Nbd7 11. Nd4 Rc8 12. Nxc6 Rxc6 13. Bf4 Nc5 14. Re1 0-0 15. Qf3 Nxd3 16. Qxd3 Qc8 17. Rad1 Nd7 18. Qg3 Qc7 19. h4 Kh8 20. h5 e5 21. h6 Rg8 22. Bg5 Qd8 23. Bxe7 Qxe7 24. Nd5 Qd8 25. hxg7+ Rxg7 26. Qb3 Nc5 27. Qa3 Qg5 28. Qf3 Ne6 29. c3 Rc8 30. g3 Rc6 31. Re3 Nf4 1/2-1/2

[Event "GER-chT U16"]
[Site "Neumarkt in der Oberpfalz"]
[Date "2016.12.29"]
[Round "5.4"]
[White "Rautenberg, Jakob"]
[Black "Greitmann, Niklas"]
[Result "1/2-1/2"]
[WhiteElo "1532"]
[BlackElo "1435"]
[PlyCount "68"]
[EventDate "2016.12.27"]
[EventType "team-swiss"]
[EventRounds "7"]
[EventCountry "GER"]
[SourceTitle "EXT 2018"]
[Source "ChessBase"]
[SourceDate "2017.10.13"]
[SourceVersion "1"]
[SourceVersionDate "2017.10.13"]
[SourceQuality "1"]
[WhiteTeam "Delmenhorst"]
[BlackTeam "Bebenhausen"]
[WhiteTeamCountry "GER"]
[BlackTeamCountry "GER"]

1. e4 c5 2. Nf3 Nc6 3. d4 cxd4 4. Nxd4 g6 5. c4 Bg7 6. Be3 Nf6 7. Nc3 Ng4 8. Qxg4 Nxd4 9. Qd1 e5 10. Nd5 0-0 11. Be2 d6 12. 0-0 f5 13. f3 Be6 14. Bd3 Rc8 15. Rc1 Rf7 16. Qd2 b6 17. b3 Bxd5 18. cxd5 f4 19. Bf2 Rxc1 20. Rxc1 g5 21. h3 Rc7 22. Rxc7 Qxc7 23. Bxd4 exd4 24. Qc2 Qxc2 25. Bxc2 Kf7 26. Kf2 Ke7 27. Ke2 Bf6 28. Kf2 Kf7 29. g4 h5 30. Ke2 hxg4 31. hxg4 Ke7 32. Bd3 Kd8 33. b4 Kc7 34. b5 Be7 1/2-1/2

[Event "GER-ch U25-B"]
[Site "Willingen"]
[Date "2016.05.21"]
[Round "9"]
[White "Giede, Anna Blume"]
[Black "Rautenberg, Jakob"]
[Result "0-1"]
[WhiteElo "1500"]
[BlackElo "1281"]
[PlyCount "27"]
[EventDate "2016.05.15"]
[EventType "swiss"]
[EventRounds "9"]
[EventCountry "GER"]
[SourceTitle "CBM 172 Extra"]
[Source "ChessBase"]
[SourceDate "2016.06.21"]
[SourceVersion "1"]
[SourceVersionDate "2016.06.21"]
[SourceQuality "1"]

1. e4 e5 2. Nf3 Nc6 3. d4 exd4 4. Nxd4 Nf6 5. Nxc6 bxc6 6. Bd3 Bc5 7. 0-0 d6 8. h3 0-0 9. Bg5 h6 10. Bh4 Re8 11. Re1 Qe7 12. Nd2 Qe5 13. Nc4 Qf4 14. Bg3 0-1

[Event "GER-ch U25-B"]
[Site "Willingen"]
[Date "2016.05.20"]
[Round "8"]
[White "Rautenberg, Jakob"]
[Black "Beyer, Clemens"]
[Result "1-0"]
[WhiteElo "1281"]
[BlackElo "1028"]
[PlyCount "119"]
[EventDate "2016.05.15"]
[EventType "swiss"]
[EventRounds "9"]
[EventCountry "GER"]
[SourceTitle "CBM 172 Extra"]
[Source "ChessBase"]
[SourceDate "2016.06.21"]
[SourceVersion "1"]
[SourceVersionDate "2016.06.21"]
[SourceQuality "1"]

1. e4 h6 2. d4 g6 3. Nf3 Bg7 4. Nc3 d6 5. Bf4 Nd7 6. Qd2 e5 7. dxe5 dxe5 8. Bg3 Ne7 9. 0-0-0 Nc6 10. Bb5 Bf6 11. Kb1 Nd4 12. Nxd4 exd4 13. Nd5 Kf8 14. Nxf6 Nxf6 15. Qxd4 Qxd4 16. Rxd4 c6 17. Bc4 Bg4 18. f3 Be6 19. Bxe6 fxe6 20. Rhd1 Kf7 21. Be5 Rhg8 22. c3 g5 23. h3 h5 24. Bxf6 Kxf6 25. Rd7 Rab8 26. Rh7 Rh8 27. Rxh8 Rxh8 28. Rd7 Rb8 29. Kc2 Ke5 30. Rg7 Kf4 31. Kd2 Rd8+ 32. Ke2 Rb8 33. Kf2 h4 34. Rf7+ Ke5 35. Ke3 a6 36. Rh7 b5 37. Rh6 Ra8 38. Rg6 c5 39. Rxg5+ Kd6 40. Rh5 Rg8 41. Kf2 Kc6 42. Rxh4 Rd8 43. Ke2 a5 44. g4 b4 45. c4 a4 46. b3 axb3 47. axb3 Ra8 48. Kd2 Ra2+ 49. Kc1 Rf2 50. g5 Rxf3 51. g6 Rf8 52. g7 Rg8 53. Rg4 Kd6 54. h4 Ke7 55. h5 Kf6 56. h6 Kf7 57. e5 Ra8 58. h7 Ra1+ 59. Kb2 Rh1 60. g8Q+ 1-0

[Event "GER-ch U25-B"]
[Site "Willingen"]
[Date "2016.05.17"]
[Round "4"]
[White "Rautenberg, Jakob"]
[Black "Zell, Mirjam"]
[Result "1/2-1/2"]
[WhiteElo "1281"]
[BlackElo "1519"]
[PlyCount "98"]
[EventDate "2016.05.15"]
[EventType "swiss"]
[EventRounds "9"]
[EventCountry "GER"]
[SourceTitle "CBM 172 Extra"]
[Source "ChessBase"]
[SourceDate "2016.06.21"]
[SourceVersion "1"]
[SourceVersionDate "2016.06.21"]
[SourceQuality "1"]

1. e4 e5 2. Nf3 Nc6 3. d4 exd4 4. Nxd4 Bc5 5. Be3 Qf6 6. c3 Bb6 7. Bc4 Nge7 8. 0-0 0-0 9. Na3 Qg6 10. f3 d6 11. Nac2 Kh8 12. Kh1 Bd7 13. Nxc6 Nxc6 14. Bxb6 axb6 15. Nd4 Nxd4 16. cxd4 f5 17. Bd3 Qf6 18. Bc2 Rae8 19. Qd3 Re7 20. exf5 Bxf5 21. Qxf5 Qxf5 22. Bxf5 Rxf5 23. Rfe1 Rff7 24. Kg1 Kg8 25. Kf2 Kf8 26. Re3 Rxe3 27. Kxe3 Re7+ 28. Kd2 Ke8 29. Re1 Rxe1 30. Kxe1 Ke7 31. Ke2 Ke6 32. Kd3 Kd5 33. g4 c5 34. dxc5 bxc5 35. b3 b5 36. h4 c4+ 37. bxc4+ bxc4+ 38. Kc3 Kc5 39. f4 d5 40. f5 d4+ 41. Kc2 Kb4 42. g5 d3+ 43. Kd2 Ka3 44. Kc3 d2 45. Kxd2 Kb2 46. Ke2 c3 47. f6 gxf6 48. gxf6 c2 49. f7 c1Q 1/2-1/2

[Event "GER-ch U25-B"]
[Site "Willingen"]
[Date "2016.05.15"]
[Round "1"]
[White "Bakalarz, Adrian"]
[Black "Rautenberg, Jakob"]
[Result "0-1"]
[WhiteElo "865"]
[BlackElo "1281"]
[PlyCount "68"]
[EventDate "2016.05.15"]
[EventType "swiss"]
[EventRounds "9"]
[EventCountry "GER"]
[SourceTitle "CBM 172 Extra"]
[Source "ChessBase"]
[SourceDate "2016.06.21"]
[SourceVersion "1"]
[SourceVersionDate "2016.06.21"]
[SourceQuality "1"]

1. e4 e5 2. d4 exd4 3. c3 dxc3 4. Nxc3 Nc6 5. Nf3 Bb4 6. Bc4 Nf6 7. 0-0 d6 8. Ne2 0-0 9. a3 Bc5 10. b4 Bb6 11. Qd3 Bg4 12. Nc3 Bxf3 13. Qxf3 Ne5 14. Qe2 h6 15. Bd3 Re8 16. Nd5 Nxd5 17. exd5 Nxd3 18. Qxd3 Qf6 19. Bd2 Bd4 20. Rac1 Bb6 21. a4 Rac8 22. a5 Bd4 23. Rc4 Be5 24. f4 Bb2 25. Rb1 a6 26. b5 axb5 27. Rb4 Ba1 28. Rxb5 Bd4+ 29. Kf1 b6 30. a6 Ra8 31. R5b4 Bc5 32. Ra4 Qh4 33. g3 Qxh2 34. Be1 Qg1# 0-1

[Event "GER-chT North U14"]
[Site "Magdeburg"]
[Date "2014.09.13"]
[Round "5.4"]
[White "Wehrhahn, Duncan"]
[Black "Rautenberg, Jakob"]
[Result "0-1"]
[WhiteElo "1214"]
[BlackElo "1302"]
[PlyCount "48"]
[EventDate "2014.09.11"]
[EventType "team-swiss"]
[EventRounds "7"]
[EventCountry "GER"]
[SourceTitle "EXT 2016"]
[Source "ChessBase"]
[SourceDate "2015.10.08"]
[SourceVersion "1"]
[SourceVersionDate "2015.10.08"]
[SourceQuality "1"]
[WhiteTeam "Laatzen"]
[BlackTeam "Delmenhorst"]
[WhiteTeamCountry "GER"]
[BlackTeamCountry "GER"]

1. e4 e5 2. Nf3 Nc6 3. d4 exd4 4. Nxd4 Bc5 5. Be3 Qf6 6. c3 Nge7 7. Na3 0-0 8. Nac2 d6 9. Bc4 Re8 10. Qf3 Qxf3 11. Nxf3 Bxe3 12. Nxe3 Ng6 13. Ng5 Nce5 14. f3 h6 15. Nh3 Bxh3 16. gxh3 Nxf3+ 17. Ke2 Ng5 18. Rhg1 Nf4+ 19. Kd1 Nfxh3 20. Rf1 Rxe4 21. Kd2 Rae8 22. Rae1 Nf4 23. Nd5 Rxe1 24. Rxf4 R1e4 0-1

[Event "GER-chT North U12"]
[Site "Magdeburg"]
[Date "2013.09.14"]
[Round "5.4"]
[White "Schwerdt, Alwin Elias"]
[Black "Rautenberg, Jakob"]
[Result "0-1"]
[WhiteElo "1076"]
[BlackElo "939"]
[PlyCount "102"]
[EventDate "2013.09.12"]
[EventType "team-swiss"]
[EventRounds "7"]
[EventCountry "GER"]
[SourceTitle "EXT 2014"]
[Source "ChessBase"]
[SourceDate "2013.11.20"]
[SourceVersion "1"]
[SourceVersionDate "2013.11.20"]
[SourceQuality "1"]
[WhiteTeam "Luebeck"]
[BlackTeam "Delmenhorst"]
[WhiteTeamCountry "GER"]
[BlackTeamCountry "GER"]

1. e4 e5 2. Nf3 Nc6 3. Nc3 Nf6 4. Bc4 Bc5 5. d3 h6 6. 0-0 0-0 7. Be3 Bb6 8. h3 d6 9. Qd2 Be6 10. Bd5 Bxd5 11. exd5 Nd4 12. Bxd4 exd4 13. Ne2 Nxd5 14. Nfxd4 Qf6 15. c3 Rfe8 16. Nf3 Rad8 17. Rfe1 Qg6 18. Ng3 Kf8 19. Rxe8+ Rxe8 20. Re1 Rxe1+ 21. Nxe1 Qe6 22. Nf3 Ne3 23. fxe3 Bxe3+ 24. Qf2 Bxf2+ 25. Kxf2 Qxa2 26. Ne2 Qxb2 27. Kf1 a5 28. Kf2 a4 29. Ke3 a3 30. Nd2 a2 31. Nc4 Qxe2+ 32. Kxe2 a1Q 33. Kd2 Qa2+ 34. Ke3 Qxg2 35. Nd2 Qxh3+ 36. Nf3 Qe6+ 37. Kf2 g5 38. Nd4 Qf6+ 39. Ke3 c5 40. Ne2 d5 41. Kd2 g4 42. c4 h5 43. Ng3 Qf2+ 44. Ne2 h4 45. Kd1 h3 46. Nc1 Qf1+ 47. Kc2 Qxc1+ 48. Kxc1 h2 49. Kb2 h1Q 50. Ka3 Qb1 51. Ka4 Qb4# 0-1

[Event "GER-chT North U12"]
[Site "Magdeburg"]
[Date "2012.09.06"]
[Round "1.4"]
[White "Rautenberg, Jakob"]
[Black "Pajeken, Jakob Leon"]
[Result "0-1"]
[WhiteElo "800"]
[BlackElo "1327"]
[PlyCount "90"]
[EventDate "2012.09.06"]
[EventType "team-swiss"]
[EventRounds "7"]
[EventCountry "GER"]
[SourceTitle "EXT 2015"]
[Source "ChessBase"]
[SourceDate "2014.11.20"]
[SourceVersion "1"]
[SourceVersionDate "2014.11.20"]
[SourceQuality "1"]
[WhiteTeam "Delmenhorst"]
[BlackTeam "Hamburger SK"]
[WhiteTeamCountry "GER"]
[BlackTeamCountry "GER"]

1. e4 e5 2. Nf3 Nc6 3. Nc3 Nf6 4. Bc4 Nxe4 5. Bxf7+ Kxf7 6. Nxe4 Be7 7. 0-0 Rf8 8. h3 Kg8 9. d3 d5 10. Nc3 Be6 11. Re1 Bd6 12. d4 e4 13. Ng5 Qf6 14. Rf1 Bf7 15. Nxf7 Qxf7 16. Nb5 Bf4 17. c3 a6 18. Na3 Rae8 19. Nc2 Re6 20. Qe2 Rg6 21. Bxf4 Qxf4 22. g3 Rf5 23. Ne3 Rfg5 24. Kh2 Qd6 25. h4 Rh6 26. Kg2 Rgh5 27. Rh1 Kh8 28. g4 Rxh4 29. Rxh4 Rxh4 30. Nf1 Qf4 31. Re1 Rxg4+ 32. Ng3 Ne7 33. f3 Rxg3+ 34. Kf2 Rxf3+ 35. Qxf3 Qxf3+ 36. Kg1 e3 37. Rf1 Qg3+ 38. Kh1 e2 39. Rf8+ Ng8 40. Re8 e1Q+ 41. Rxe1 Qxe1+ 42. Kh2 Nf6 43. b4 Ne4 44. a4 Qg3+ 45. Kh1 Nf2# 0-1